000 00812nam a2200217 a 4500
001 000017798
005 20240530073934.0
008 100406s1963 dr r 000 0 spa d
040 _aDO-SdBNP
_bspa
_cBNPHU
082 _aRD868.303
_bG216d, 1963
100 1 _aGarcía Gómez, Aristides
_938692
245 1 0 _aDe todo un poco :
_bcolección de artículos cortos /
_cAristides García Gómez.
250 _a2a. ed. aumentada y conmemorativa del centenario del nacimiento de su autor, 1863-1963.
260 _aSanto Domingo :
_bMontalvo,
_c1963.
300 _a301 p. ;
_c25 cm.
500 _aIncluye referencias bibliográficas y notas al pie de las páginas.
590 _aInventariado, 2018/MFF
650 0 _aLiteratura dominicana.
_967
650 0 _aEnsayos dominicanos
_965
910 _aInventariado, 2018/MFF
999 _c17323
_d17323